000 00731nam a2200205Ii 4500
003 JO-AjNU
008 230605s9999||||xx |||||||||||||| ||und||
040 _aJO-AjNU
_bara
_erda
_cJO-AjNU
041 _aara
050 1 4 _aBF637.C6.M8388.1989
100 3 _aعمر،ماهر محمود,
_eauthor
_928626
245 0 0 _aالمقابلة في الإرشاد والعلاج النفسي
250 _aط2
264 3 1 _aالاسكندرية:دار المعرفة الجامعية ، 1989
300 _a556ص
_bمصطلحات من ص537-ص542
336 _atext
_btxt
_2rdacontent
337 _aunmediated
_bn
_2rdamedia
338 _avolume
_bnc
_2rdacarrier
650 4 _aالارشاد النفسي-العلاج النفسي
_928627
999 _aA11127
_c14695
_d14695